Countries By Clue Quiz Stats

 Plays Quiz Updated Feb 20, 2018

Score 0/26 Timer 09:00
0 Plays Today
Clue Country % Correct
The only country to begin with a 'y'Yemen
88.4%
The only country to begin with an 'o'Oman
68.3%
The only country to begin with 'j' that isn't in AsiaJamaica
67.3%
A country starting with three letters meaning 'a human limb'Armenia
64.8%
The only country to have consecutive letters 'pp' in itPhilippines
57.1%
The four letter country ending with the letter 'u'Peru
57%
The only country to begin with the letter 'h,' not in North AmericaHungary
52.5%
The only country to begin with the letter 'f,' not in EuropeFiji
51.7%
The last country alphabetically beginning with 's'Syria
50%
A country whose entire name is the first five letters of another countryNiger
49%
The country landlocked between Ukraine and RomaniaMoldova
45.3%
The only country to have the letter 'j' as its second letterDjibouti
44.9%
A country with borders of Kenya, South Sudan, Dem. Rep. of Congo, Rwanda and TanzaniaUganda
44.2%
Clue Country % Correct
A six-letter African country whose name features in three other countries' namesGuinea
43.4%
A country which is the 'Federated States of ___'Micronesia
41.1%
Either of the four letter countries starting with the same first three lettersIran/Iraq
40.7%
The least densely populated country in the worldMongolia
40.3%
Until a recent regime change, the only country to have a flag consisting of only one color (green)Libya
40.2%
The longest country without repeating a letter (11 letters)Switzerland
37.1%
The only other country with an 'x' in its name, apart from MexicoLuxembourg
35.4%
Any one of the 5 countries starting with the same first three lettersMalawi/Malta/Mali/Maldives/Malaysia
34%
The last country beginning with 'p' alphabeticallyPortugal
30.2%
The only country to end with the two letters 'ho'Lesotho
25.6%
The longest, one word country (13 letters)Liechtenstein
25%
The only country to end with the letter 'h'Bangladesh
24.6%
The only country to have the consecutive letters 'zu' in itVenezuela
21%

You're not logged in!

Compare scores with friends on all Sporcle quizzes.
OR
Log In

Sporcle TV

Today on Sporcle TV


Watch our educational content, quiz creation guides, and fun videos on Sporcle TV.

Show Comments

Extras

Top Quizzes Today


Score Distribution

Your Account Isn't Verified!

In order to create a playlist on Sporcle, you need to verify the email address you used during registration. Go to your Sporcle Settings to finish the process.

Report this User

Report this user for behavior that violates our Community Guidelines.

Details: